Normal view MARC view
  • Medical informatics

Entry Topical Term

Number of records used in: 2

001 - CONTROL NUMBER

  • control field: 36271

003 - CONTROL NUMBER IDENTIFIER

  • control field: OSt

005 - DATE AND TIME OF LATEST TRANSACTION

  • control field: 20141020104213.0

008 - FIXED-LENGTH DATA ELEMENTS

  • fixed length control field: 141020|| aca||babn | a|a d

040 ## - CATALOGING SOURCE

  • Original cataloging agency: OSt

150 ## - HEADING--TOPICAL TERM

  • Topical term or geographic name as entry element: Medical informatics

450 ## - SEE FROM TRACING--TOPICAL TERM

  • Topical term or geographic name entry element: Clinical informatics

450 ## - SEE FROM TRACING--TOPICAL TERM

  • Topical term or geographic name entry element: Health informatics

450 ## - SEE FROM TRACING--TOPICAL TERM

  • Topical term or geographic name entry element: Medical information science

550 ## - SEE ALSO FROM TRACING--TOPICAL TERM

  • Topical term or geographic name entry element: Information science

550 ## - SEE ALSO FROM TRACING--TOPICAL TERM

  • Topical term or geographic name entry element: Medicine
  • General subdivision: Data processing